El gran serafín /
Salvato in:
| Autore principale: | |
|---|---|
| Natura: | Sconosciuto |
| Lingua: | Spanish |
| Pubblicazione: |
Buenos Aires, Argentina:
Emecé,
1967
|
| Soggetti: | |
| Tags: |
Aggiungi Tag
Nessun Tag, puoi essere il primo ad aggiungerne!!
|
MARC
| LEADER | 000000000a22000000004500 | ||
|---|---|---|---|
| 001 | 001173 | ||
| 008 | 170623s1967 ag ||||| |||| 00| 1 spa d | ||
| 041 | 0 | |a español | |
| 082 | |a Ar863.4 |b B616g | ||
| 100 | 1 | |a Bioy Caseres, Adolfo, |d 1914-1999 | |
| 245 | 1 | 3 | |a El gran serafín / |c Adolfo Bioy Caseres |
| 260 | |a Buenos Aires, Argentina: |b Emecé, |c 1967 | ||
| 300 | |a 190 páginas | ||
| 500 | |a Número de inscripción 8884 (Colección George Yúdice) | ||
| 650 | 4 | |a LITERATURA ARGENTINA |v CUENTOS | |
| 942 | |2 ddc |c BK | ||
| 999 | |c 2256 |d 2256 | ||
